| 000 | 00836nam a22002537a 4500 | ||
|---|---|---|---|
| 003 | UA-OsUOA | ||
| 001 | 57771 | ||
| 007 | ta | ||
| 008 | 20060903b un ||||| |||| 00| 0 ukr d | ||
| 100 | _aБашнянин Г.І. | ||
| 700 | _aТретяк Г.С. | ||
| 090 |
_a330.43 _bБ33 |
||
| 942 | _cBK | ||
| 040 |
_aUA-OsUOA _bukr _cUA-OsUOA _dUA-OsUOA |
||
| 245 | _aЕфективність дерегуляції економічних систем перехідного типу | ||
| 300 | _a502 с. | ||
| 955 | _a1 | ||
| 041 | _aukr | ||
| 080 | _a330.43 | ||
| 260 |
_aЛьвів _bВ-во Львівської комерц.академії _c2008 |
||
| 246 | 3 | 1 |
_aметодологічні проблеми метрологічного аналізу _n |
| 650 | 7 |
_a330 Економіка взагалі _2UDC |
|
| 999 |
_c343864 _d343864 |
||